000 00328nam a2200133Ia 4500
008 210210b1986 xxu||||| |||| 00| 0 eng d
082 _a346 MATF
100 _aMATHEW (P D) & BAKSHI (P M).
245 _aFamily courts.
260 _aND
_bIndian social institute
_c1986
300 _a20
690 _aPrivate Law
906 _a038894
999 _c89226
_d89226